ბათუმის შოთა რუსთაველის სახელმწიფო უნივერსიტეტის ბიბლიოთეკა

ტურიზმის სტატისტიკა : (ბიბ.ჩანაწერი № 39781)

000 -ლიდერი
ფიქსირებული სიგრძის საკონტროლო ველი 01280nam a2200265Ia 4500
001 - საკონტროლო ნომერი
საკონტროლო ველი 6386
003 - საკონტროლო ნომრის იდენტიფიკატორი
საკონტროლო ველი GE_BSU
005 - ბოლო ოპერაციის თარიღი და დრო
საკონტროლო ველი 20191210122203.0
008 - ფიქსირებული სიგრძის მონაცემთა ელემენტები - ზოგადი ინფორმაცია
ფიქსირებული სიგრძის საკონტროლო ველი 181216s2012||||ge |||||||||||||| ||geo||
020 ## - წიგნის საერთაშორისო სტანდარტული ნომერი
International Standard Book Number 9789941175817
040 ## - კატალოგიზაციის წყარო
Transcribing agency GE_BSU
041 ## - ენის კოდი
Language code of text/sound track or separate title geo
080 ## - უნივერსალური ათობითი კლასიფიკაციის ინდექსი
Universal Decimal Classification number 31(075.8)+338.48(075.8) ა-13
100 ## - მთავარი ჩანაწერი - პიროვნების სახელი
Personal name აბესაძე, ნინო
9 (RLIN) 2811
245 ## - ცნობა სათაურის შესახებ
Title ტურიზმის სტატისტიკა :
Remainder of title ნ.1. სახელმძღვანელო /
Statement of responsibility, etc ნინო აბესაძე, რუსუდან ქინქლაძე, ქეთევან ჩიტალაძე ; რედ. სიმონ გელაშვილი.
264 ## - წარმოების, გამოცემის, დისტრიბუციის და სხვა ცნობები
გამოცემის, წარმოების, დისტრიბუციის... ადგილი თბილისი :
გამოცემის, წარმოების, დისტრიბუციის... სახელწოდება უნივერსალი,
გამოცემის, წარმოების, დისტრიბუციის... თარიღი 2012.
300 ## - ფიზიკური აღწერა
Extent 389 გვ.;
Other physical details 20 სმ.
653 ## - INDEX TERM--UNCONTROLLED
Uncontrolled term სტატისტიკა
653 ## - INDEX TERM--UNCONTROLLED
Uncontrolled term ტურიზმის ეკონომიკა
653 ## - INDEX TERM--UNCONTROLLED
Uncontrolled term ტურიზმის სტატისტიკა
700 ## - ADDED ENTRY--PERSONAL NAME
Personal name ქინქლაძე, რუსუდან
Relator term ავტორი
9 (RLIN) 5755
700 ## - ADDED ENTRY--PERSONAL NAME
Personal name ჩიტალაძე, ქეთევან
Relator term ავტორი
9 (RLIN) 5756
700 ## - ADDED ENTRY--PERSONAL NAME
Personal name გელაშვილი, სიმონ
Relator term რედაქტორი
9 (RLIN) 5080
942 ## - ADDED ENTRY ELEMENTS (KOHA)
Koha item type წიგნი
Source of classification or shelving scheme
ეგზემპლარები
ჩამოწერის სტატუსი დაკარგული ეგზემპლარის სტატუსი კლასიფიკაციის წყარო ან თაროზე გაწყობის სქემა დაზიანების სტატუსი არ გაიცემა მუდმივი მდებარეობა (დაცვის ადგილი) ამჟამინდელი ადგილსამყოფელი თაროზე განთავსების ადგილი შეძენის თარიღი სრული შენახვის შიფრი შტრიხკოდი ბოლო ოპერაციის თარიღი ეგზემპლარის მიმდევრობითი ნომერი (კეტერი?) ფასის ძალაში შესვლის თარიღი ეგზემპლარის სახეობა
          ბათუმის შოთა რუსთაველის სახელმწიფო უნივერსიტეტის მთავარი ბიბლიოთეკა ბათუმის შოთა რუსთაველის სახელმწიფო უნივერსიტეტის მთავარი ბიბლიოთეკა წიგნსაცავი 2018-12-17 31(075.8)+338.48(075.8) ა-13 7017 2018-12-17 7017 2018-12-17 წიგნი